000 00408nam a22001577a 4500
999 _c11895
_d11895
008 210114b ||||| |||| 00| 0 eng d
082 0 0 _a621.101
_bL6779
100 _9207
_aLewitt, E. H.
245 1 0 _aThermodynamics applied to heat engines
_cBy E.H. Lewitt
250 _a6th ed.
260 _aLondon
_bPitman
_c1959
300 _axiv,878 p.
365 _d20.70
650 0 _aThermodynamics
942 _cBK